MDQL
is popping MORE tags! Check the
thread
!
Quizzes
Events
Quiz Creation
Community
Videos
Private Events
Remove Ads
Sign In
Join for FREE
Feedback
Dark Mode
Quiz Categories
Sports
Geography
Music
Movies
Television
Just For Fun
Miscellaneous
History
Literature
Language
Science
Gaming
Entertainment
Religion
Holiday
For Kids
Quiz Lab
Recent
Popular Today
Quiz Kudos Today
Editor Picks
Curator Picks
Quizzes by...
Day
Popularity
Type
Ratings
Length
Year
Community
Subscriptions
Recent Discussions
Orange Saloon
Badges
Playlists
Quests
Create
Leaderboards
Showdown
Live 5
Trivia Bingo
Activity
Puzzle Library
Sporcle Events
Private Events
Virtual Trivia
Globe League
Become a Host
Pub Owners
SporcleCon
Opinionation
Our Games
Videos
Blog
Mobile Apps
Partnerships
Remove Ads and Go Orange
Feedback
Sports
Athletes
MLB
NBA
NHL
NFL
Soccer
Sports Teams
WWE
NCAA
Football
Premier League
Basketball
Baseball
Hockey
Golf
Tennis
Cricket
Rugby
Auto Racing
Olympics
World Cup
Sports
Athletes
MLB
NBA
NHL
NFL
Soccer
Sports Teams
WWE
NCAA
Football
Premier League
Basketball
Baseball
Hockey
Golf
Tennis
Cricket
Rugby
Auto Racing
Olympics
World Cup
Random Quiz
Search Sporcle
×
Curator Pick
Curator Pick
Sports
NFL
Type in answers that appear in a list
Type in answers that appear in a list
Classic
Best Score? Go Orange.
AFC South Receiving Leaders Stats
Can you name the franchise receiving leaders for each AFC South team?
By
Joshie_the_great
6m
40 Questions
2,965 Plays
2,965 Plays
2,965 Plays
Comments
Comments
Give Quiz Kudos
Give Quiz Kudos
-
- Ratings
hide this ad
Replay
Link that replays current quiz
Next Quiz
Link to next quiz in quiz playlist
You Got
0%
They Got
Avg Score
39%
Avg Friend Score
Upgrade to see
Score Distribution
Jump to the score distribution portion of the page
Score
0/40
Timer
06:00
0
Plays Today
% Correct
Marvin Harrison
94.9%
Andre Johnson
92.8%
Reggie Wayne
92.5%
T.Y. Hilton
87%
DeAndre Hopkins
85.6%
Jimmy Smith
79.2%
Dallas Clark
75.2%
Jacoby Jones
66.9%
Allen Robinson
60.7%
Derrick Mason
54.4%
Keenan McCardell
50.4%
Arian Foster
49.5%
Delanie Walker
49.4%
Maurice Jones-Drew
48.6%
Fred Taylor
48.6%
Marcedes Lewis
47.4%
Will Fuller
47%
Allen Hurns
42.8%
Reggie Williams
37.2%
Owen Daniels
35.9%
% Correct
Raymond Berry
32.4%
Drew Hill
29.9%
Ernest Givins
26.1%
Frank Wycheck
25.6%
Lenny Moore
23.4%
Nate Washington
21%
Kevin Walter
20.6%
Haywood Jeffires
19.4%
Drew Bennett
18.6%
John Mackey
17.4%
Cecil Shorts
14%
Kyle Brady
13.2%
Charley Hennigan
12.6%
Bill Brooks
10.6%
Ken Burrough
9.9%
Roger Carr
9.2%
Ryan Griffin
6.9%
Jabar Gaffney
6.1%
Jimmy Orr
5.4%
Corey Bradford
5.4%
Quiz Playlist
Details
Report
Send in Message
Add To Playlist
Classic:
Type in answers that appear in a list
Quiz Source
Last Updated: May 12, 2019
Curator Pick in
NFL
Quiz Scoreboard
CHALLENGE
Sign Up to Join the Scoreboard
Show All
Scores
Hide
Comments
May contain spoilers
Recently Published
Colored Red Africa Blitz
by spor1
Geography
30s
Find the 'City' Movie
by crazypaving
Movies
60s
5x2 Blitz: Bands
by SL_Kpop136
Music
30s
More to Explore
Quiz From the Vault
Featured Blog Post
14 Easter Pick-up Lines to Find Eggs With
hide this ad
You Might Also Like...
Tags
NFL Quiz
AFC South
Receiving Leaders
Receiving Yards
Team Leaders
Today's Top Quizzes in Sports
Browse Sports
hide this ad
Today's Top Quizzes in NFL
Browse NFL
Top Contributed Quizzes in Sports
1
Les entraîneurs de l'OM et du PSG au 21e siècle
2
Les meilleurs buteurs des matchs entre le PSG et l’OM
3
Les joueurs passés par le PSG et l'OM
4
Players with Multiple 50 Home Run Seasons
5
2022 World Cup Stars
6
Criteria MLB: Left Handed Sluggers
7
NBA Logic Puzzle 2.0
8
MLB Players with Two .350 Batting Average Seasons
9
Top 10 NHL Goal Scorers of All Time
10
Les joueurs passés par le LOSC et le RC Lens
Explore More
Trending Topics
Harry Potter
Disney
Marvel
NBA
Anime
Kpop
Crossword
Soccer
Song
Puzzle
WWE
NFL
The Office
Pokémon
Country
hide this ad
More By:
Joshie_the_great
Quiz
Plays
Rating
Category
Featured
Created
Super Bowl Teams of the 2010s
224,312
3.37
Sports
Mar 26, 2019
Secret State
200,177
4.59
Geography
Oct 24, 2019
South American Countries - No Outlines Minefield
195,255
4.44
Geography
Feb 16, 2016
NBA MVP Voting (2010s)
176,618
4.88
Sports
Oct 7, 2019
NBA 50 Point Games (2010s)
150,185
4.88
Sports
Apr 15, 2019
Go to Creator's Profile
Score Distribution
Quiz Creator Spotlight
Joshie_the_great
Follow
Send a Message
Quizzes Created
-
Created Quiz Play Count
-
More By This Creator
Popular Quizzes Today
1
Colored Red Africa Blitz
2
Find the 'City' Movie
3
5x2 Blitz: Bands
4
Find the US States - No Outlines Minefield
5
The Countries of the World
6
Find the US States
7
US States
8
Find the Countries of Europe - No Outlines Minefield
More Sports Quizzes
2021-2022 NFL Fantasy Week 1 Top 10 (PPR)
Quiz Lab
Trending Quizzes
Colored Red Europe Blitz I
Colored Red Europe Blitz II
Colored Red Africa Blitz II
Colored Red Europe Blitz III
Colored Red Africa Blitz III
Recently Updated
How Do You Spell That?
pecheneg
Godzilla Movies
pecheneg
Grab Bag: 4-10 Letters
pecheneg
2024 March Madness Bracket
pecheneg
Famous TV Couples
Peacemaker
Champions League XIs: Real Madrid
pecheneg
Largest US Cities 1790-2010
pecheneg
Rides in Walt Disney World
pecheneg
Most Oscar Losses (Acting)
pecheneg
Beyoncé Albums
pecheneg
Trending Topics
Crossword
NBA
Disney
Anime
Kpop
Marvel
Harry Potter
Song
Puzzle
Pokémon
WWE
Soccer
Country
NFL
The Office
Your Account Isn't Verified!
In order to create a playlist on Sporcle, you need to verify the email address you used during registration. Go to your
Sporcle Settings
to finish the process.
Report this User
Report this user for behavior that violates our
Community Guidelines
.
Details:
Send Report
Go to the Sporcle.com Mobile Site →
Comments